Global environmental change : perspectives of remote sensing and geographic information system

Αποθηκεύτηκε σε:
Λεπτομέρειες βιβλιογραφικής εγγραφής
Συγγραφή απο Οργανισμό/Αρχή: International Seminal on "Monitoring Geosystems-Perspectives for the 21st Century"
Άλλοι συγγραφείς: Singh, Ram Babu 1955- (Επιμελητής έκδοσης)
Μορφή: Βιβλίο
Γλώσσα:English
Δημοσίευση: Rotterdam : A. A. Balkema, c1995
Θέματα:
Ετικέτες: Προσθήκη ετικέτας
Δεν υπάρχουν, Καταχωρήστε ετικέτα πρώτοι!

MARC

LEADER 00000nam a2200000 i 4500
001 1/82242
008 990521s1995 eng d
020 |a 90-5410-704-9 
035 |l 10051045 
040 |a GR-MY-UA  |b gre  |e aacr 
041 0 |a eng 
082 0 |a 363.7 
245 1 0 |a Global environmental change :  |b perspectives of remote sensing and geographic information system /  |c editor, R. B. Singh 
260 |a Rotterdam :   |b A. A. Balkema,   |c c1995 
300 |a 321 p. 
500 |a Contributed papers presented at the International Seminal on "Motoring Geosystems-Perspectives for the 21st Century", at the University of Delhi in Dec. 1991 
504 |a Includes bibliographical references 
650 0 0 |a Global environmental change  |x Congresses. 
650 0 0 |a Human ecology  |x Congresses. 
650 0 0 |a Environmental policy  |z India  |x Congresses. 
700 1 |a Singh, Ram Babu  |d 1955-  |4 edt 
710 2 |a International Seminal on "Monitoring Geosystems-Perspectives for the 21st Century". 
852 |a INST  |b LESVOS  |e 19990521  |h 363.7 GLO  |p 005100020068  |q 005100020068  |t BK  |y 0 
901 |a BIBL1-1999-2 
909 |a Λ  |b 062305 
922 |a 1ΕΛΗ  |b 199812  |c ΚΠΣ/ΤΓ  |d LEADER 
950 |a 118-1998-10-19